Sports Clubs by County - Statistics

General Stats
  • This quiz has been taken 5 times
  • The average score is 4 of 32
Answer Stats
Answer SSE Airtricity League (Soccer) Energia All-Irelands (Rugby)(Amateur) Super League (Basketball) Allianz League (Hurling Allianz League (Gaelic Football) % Correct
Dublin Bohemians, Shelbourne, Shamrock Rovers, St Patricks Athletic, UCD, Clontarf, _______ University, Lansdowne, Terenure College, UCD Saints, Éanna, Killester, Templeogue, Marian, St Vincent's, UCD Marian, Kilmacud Crokes Kilmacud Crokes
100%
Derry _________ City Division 2b Division 2a Division 2
40%
Carlow Division 2a Division 4
20%
Clare Ballyea Division 2
20%
Cork _________ City __________ Constitution Ballincollig, Neptune St. Finbarr's Division 2
20%
Donegal Premier Division Division 2b Noamh Conaill
20%
Galway Premier Division Division 2b Moycullen, Maree St Thomas's Moycullen
20%
Kerry Premier Division Tralee Warriors, Killorglin Division 2a Kerins O'Rahilly's
20%
Kilkenny Ballyhale Shamrocks N/A
20%
Limerick Garryowen, Young Munster, Shannon Na Piarsaigh Division 2
20%
Longford Premier Division Division 3b Division 3
20%
Louth Dundalk, Drogheda United Division 3a Division 2
20%
Sligo _________ Rovers Division 2b _____ All-Stars Division 2b Division 4
20%
Tyrone Division 2b Division 2b Errigal Ciarán
20%
Waterford ________ FC Ballygunner Division 4
20%
Wexford Premier Division Division 2b Ferns St Aidan's Division 4
20%
Antrim Division 1b _____ Star Dunloy Cúchullains Division 3
0%
Armagh Division 1b Division 3a Crossmaglen Rangers
0%
Cavan Division 3b Division 3
0%
Down Ballylahinch Division 2a Division 3
0%
Fermanagh Division 3a Division 3
0%
Kildare Division 1b Division 2a Division 2
0%
Laois Clough-Ballacolla Division 4
0%
Leitrim Division 3b Division 4
0%
Mayo Division 2c Division 3a Westport
0%
Meath Divison 2a Divison 2b Division 2
0%
Monaghan Division 3a Ballybay
0%
Offaly Division 2c Division 2a Division 3
0%
Roscommon Division 3a Strokestown
0%
Tipperary Division 2a Kilruan MacDonaghs Division 3
0%
Westmeath Premier Division Divison 1b Division 2a Division 3
0%
Wicklow Premier Division Division 2b Division 2b Division 4
0%
No matching quizzes found
Score Distribution
Percent of People with Each Score
Percentile by Number Answered
Your Score History
You have not taken this quiz